000 00412pab a2200169 454500
008 180718b2003 xxu||||| |||| 00| 0 eng d
100 _aKumar, D. Siva
245 _aICDS - awareness of health needs for adolescents
260 _c2003
300 _ap.38-39.
362 _aApr
650 _aHealth services
650 _aAdolescents
650 _aChild welfare
773 _aSocial Welfare
909 _a56004
999 _c56004
_d56004